Văn học Việt Nam
Na minha lista:
| Autor principal: | |
|---|---|
| Formato: | Livro |
| Tags: |
Adicionar Tag
Sem tags, seja o primeiro a adicionar uma tag!
|
| Thư viện lưu trữ: | Mạng thư viện Đại học Đà Nẵng |
|---|
| LEADER | 00860nam a2200217 4500 | ||
|---|---|---|---|
| 001 | 000003891 | ||
| 003 | 12 | ||
| 005 | 20150812140847.0 | ||
| 008 | 110428s sd | ||
| 100 | 0 | |a Nguyễn Lộc | |
| 245 | 0 | 0 | |a Văn học Việt Nam |c Nguyễn Lộc |
| 774 | |a Nguyễn Lộc |d H. |d Nxb Đại học và Trung học chuyên nghiệp |d 1976 |g Tập 1 |h 416 tr |n Lịch sử văn học Việt Nam |t Khái quát về Văn học Việt Nam |w 13 | ||
| 774 | |a Nguyễn Lộc |d H. |d Nxb Đại học và Trung học chuyên nghiệp |d 1978 |g Tập 2 |h 448 tr |n Lịch sử văn học Việt Nam |t Những tác giả và tác phẩm tiêu biểu |w 14 | ||
| OWN | |a LSP | ||
| 999 | |a From the UDN01 | ||
| TYP | |a Monograph | ||
| TYP | |a Printed language | ||
| 980 | |a Mạng thư viện Đại học Đà Nẵng | ||